Faculty of Law Library — Cairo University

Official Online Catalog

المواجهة القانونبة للإرهاب بين اعتبارات الفاعلية واحترام حقوق الانسان / (Record no. 75215)

MARC details
000 -LEADER
fixed length control field 01305nam a2200277 4500
003 - CONTROL NUMBER IDENTIFIER
control field EG-GICUC
005 - DATE AND TIME OF LATEST TRANSACTION
control field 20260503144947.0
008 - FIXED-LENGTH DATA ELEMENTS--GENERAL INFORMATION
fixed length control field 260503s2015 ua ||||fr|||| 00| 0 ara d
040 ## - CATALOGING SOURCE
Original cataloging agency EG-GICUC
Language of cataloging ara
Transcribing agency EG-GICUC
Modifying agency EG-GICUC
Description conventions rda
082 04 - DEWEY DECIMAL CLASSIFICATION NUMBER
Edition number 21
Classification number 343.3192
Item number م ؤ . م
092 04 - LOCALLY ASSIGNED DEWEY CALL NUMBER (OCLC)
Edition number 21
099 ## - LOCAL FREE-TEXT CALL NUMBER (OCLC)
Classification number Law 10 343.3192 م ؤ . م 2015
111 ## - MAIN ENTRY--MEETING NAME
Meeting name or jurisdiction name as entry element المؤتمر السنوي الحادي عشر للجمعية العلمية لكليات الحقوق العربية
Location of meeting كلية الحقوق - جامعة القاهرة
Date of meeting or treaty signing 2015
Number of part/section/meeting 11
Relator term Author.
245 12 - TITLE STATEMENT
Title المواجهة القانونبة للإرهاب بين اعتبارات الفاعلية واحترام حقوق الانسان /
Statement of responsibility, etc. الجمعية العلمية لكليات الحقوق العربية .
264 #1 - PRODUCTION, PUBLICATION, DISTRIBUTION, MANUFACTURE, AND COPYRIGHT NOTICE
Place of production, publication, distribution, manufacture القاهرة :
Name of producer, publisher, distributor, manufacturer كلية الحقوق - جامعة القاهرة,
Date of production, publication, distribution, manufacture, or copyright notice 2015.
300 ## - PHYSICAL DESCRIPTION
Extent 239 صفحة
Other physical details إيضاحيات، صور، مثيليات ؛
Dimensions 24 سم
336 ## - CONTENT TYPE
Source rda content
Content type term text
337 ## - MEDIA TYPE
Source rda media
Media type term Computer
338 ## - CARRIER TYPE
Source rda carrier
Carrier type term Online Resource
504 ## - BIBLIOGRAPHY, ETC. NOTE
Bibliography, etc. note . 240-220 ببليوجرافيا: صفحات.
650 1# - SUBJECT ADDED ENTRY--TOPICAL TERM
Topical term or geographic name entry element القانون الجنائي
Source of heading or term qrmak
651 1# - SUBJECT ADDED ENTRY--GEOGRAPHIC NAME
Source of heading or term qrmak
856 40 - ELECTRONIC LOCATION AND ACCESS
Uniform Resource Identifier <a href="https://fll.law.cu.edu.eg/fulltext/bks/B07-06265.pdf">https://fll.law.cu.edu.eg/fulltext/bks/B07-06265.pdf</a>
905 ## - Cataloger and Reviser Names
Cataloger Name: Mohammed Tarek
942 ## - ADDED ENTRY ELEMENTS (KOHA)
Source of classification or shelving scheme Dewey Decimal Classification
Suppress in OPAC No
Koha item type Books
Edition 21
Holdings
Withdrawn status Lost status Source of classification or shelving scheme Damaged status Not for loan Collection Home library Current library Date acquired Total checkouts Full call number Barcode Date last seen Copy number Price effective from Koha item type
    Dewey Decimal Classification   Not for loan القانون الجنائي جــــامعة القــاهرة مكتبة كلية الحقوق - المبنى الرئيسي 03.05.2026   Law1 10 343.3192 م ؤ . م 2015 1006265 C1 B10-06265 03.05.2026 1 03.05.2026 Books
    Dewey Decimal Classification     القانون الجنائي جــــامعة القــاهرة مكتبة كلية الحقوق - المبنى الرئيسي 03.05.2026   Law1 10 343.3192 م ؤ . م 2015 1006266 C2 B10-06266 03.05.2026 2 03.05.2026 Books

© All rights reserved — Faculty of Law, Cairo University